Summer unbound, and other poems (Record no. 39506)
[ view plain ]
| 000 -LEADER | |
|---|---|
| fixed length control field | 01244nam a2200313 a 4500 |
| 082 04 - DEWEY DECIMAL CLASSIFICATION NUMBER | |
| Classification number | 811.5 |
| 100 1# - MAIN ENTRY--AUTHOR NAME | |
| Personal name | Mayo, E. L. |
| 245 10 - TITLE STATEMENT | |
| Title | Summer unbound, and other poems |
| 260 ## - PUBLICATION, DISTRIBUTION, ETC. (IMPRINT) | |
| Place of publication | [Minneapolis] : |
| Name of publisher | University of Minnesota Press, |
| Year of publication | [1958] |
| 300 ## - PHYSICAL DESCRIPTION | |
| Number of Pages | 63 p. |
| 505 0# - FORMATTED CONTENTS NOTE | |
| Formatted contents note | pt. I. Places -- pt. II. Letters and encounters -- pt. III. Myths and enactments -- pt. IV. Modes -- pt. V. Considerations. |
| 650 #0 - SUBJECT ADDED ENTRY--TOPICAL TERM | |
| Topical Term | American poetry |
| 856 40 - ELECTRONIC LOCATION AND ACCESS | |
| Uniform Resource Identifier | http://site.ebrary.com/lib/rucke/Doc?id=10231106 |
No items available.
